Estudio sistemt̀ico de la Ley 26/2015

Detalles Bibliográficos
Formato: eBook
Lenguaje:español
Publicado: Madrid: Dykinson, 2018
Materias:
Acceso en línea:Acceso restringido

MARC

LEADER 00000nam a22000007a 4500
005 20190213234954.0
007 cr|||| ||||
008 190213s2018 es |||||s|||| 00||0 spa d
020 |a 978-84-9148-892-7 
035 |a 22737 
040 |a vLex 
090 |c 8435  |d 8435 
245 0 0 |a Estudio sistemt̀ico de la Ley 26/2015  |h [Recurso electrn̤ico] / 
256 |a Servicio en ln̕ea 
260 |a Madrid:  |b Dykinson,  |c 2018 
300 |a 1 recurso electrn̤ico 
500 |a de 28 de julio de modificacin̤ del sistema de proteccin̤ de la infancia y a la adolescencia. 
506 1 |a Disponible solo en los productos indicados  |d vLex Global  |d vLex Global (Academic Edition, excluding Law Schools)  |d vLex Global (U.S. Academic Edition, Law Schools)  |d vLex Global (U.S. Academic Edition, excluding Law Schools)  |d vLex Global (Academic Edition, Law Schools) 
650 0 4 |a Derecho Constitucional  |z Espaą 
740 0 |a vLex Libros (Servicio en ln̕ea) 
856 4 0 |u http://vlex.com/source/estudio-sistematico-ley-26-2015-22737  |z Acceso restringido 
942 |c BOOK 
999 0 |a Constitutional right